MARC

Tag First Indicator Second Indicator Subfields
LEADER 00000cas a2200000 a 4500
001 in00001403932
005 20151020054243.0
008 971118c19979999txufr p s0 0eng d
035 |a (OCoLC)37964266 
035 |9 AHN0904AM 
040 |a IKM  |c IKM  |d TXA  |d UtOrBLW 
049 |a TXAO 
086 |a L1900.6 ST29  |2 txdocs 
110 2 |a Texas State Library and Archives Commission.  |b State and Local Records Management Division. 
245 1 4 |a The state record. 
264 1 |a Austin, TX :  |b State and Local Records Management Division, Texas State Library and Archives Commission,  |c [1997-] 
300 |a volumes ;  |c 28 cm. 
310 |a Semiannual 
336 |a text  |b txt  |2 rdacontent 
337 |a unmediated  |b n  |2 rdamedia 
338 |a volume  |b nc  |2 rdacarrier 
362 0 |a No. 1 (Oct. 1997)- 
500 |a Caption title. 
610 2 0 |a Texas State Library and Archives Commission.  |b State and Local Records Management Division  |x Periodicals. 
650 0 |a Records  |z Texas  |x Management  |x Periodicals. 
650 0 |a Records  |x Access control  |z Texas  |x Periodicals. 
650 0 |a Records  |x Law and legislation  |z Texas  |x Periodicals. 
650 0 |a Government paperwork  |z Texas  |x Periodicals. 
650 0 |a Electronic records  |z Texas  |x Periodicals. 
999 |a MARS 
999 f f |s e6b75795-8877-3185-b68c-8ec38b47ffbd  |i 06956e17-5b58-39d2-ba78-faf3ddad130e  |t 0 
952 f f |p serial  |a Texas A&M University  |b College Station  |c Sterling C. Evans Library  |d Evans: Texas Documents (Annex 5th floor)  |t 0  |e L1900.6 ST29  |h Superintendent of Documents classification  |i unmediated -- volume  |k no.1-no.6  |l 1997:Oct.-2002:July  |m A14822998048 
998 f f |a L1900.6 ST29  |s no.1 (2001:Jan.)-no.2 (2001:Nov.),no.6 (2002:July)  |t 0  |l Evans: Texas Documents (Annex 5th floor)